000 00368pam a2200157a 44500
008 230515b1995 xxu||||| |||| 00| 0 eng d
020 _aNULL
041 _aENG
082 _a618.1
100 _aD C Dutta
245 _aText book of Gynaecology
250 _a3rd
260 _aNULL
_b"New cecterl book agency p ltd , nd, "
_c1995
300 _a577
650 _aN.D.
999 _c520424
_d520424